Too many hints-Country edition - Statistics

General Stats
  • This quiz has been taken 12 times
  • The average score is 13 of 15
Answer Stats
Popultion Land Area (km²) Capital City Biggest city (in population) Bordering Countries Continent Starting Letter Answer % Correct
285,400,000 1,905,569 Jakarta Jakarta Malaysia, Papua New Guinea, East Timor Asia I Indonesia
100%
12,600,000 1,098,581 Sucre/La Paz Santa Cruz de la Sierra Bolivia, Peru, Chile, Paraguay, Argentina South America B Bolivia
89%
40,100,000 9,984,670 Ottowa Toronto United States of America North America C Canada
89%
5,200,000 51,100 San José San José Panama, Nicaragua North America C, R Costa Rica
89%
900,000 18,275 Suva Suva None Oceania F Fiji
89%
11,900,000 27,750 Port au Prince Port au Prince Dominican Republic North America H Haiti
89%
9,600,000 93,026 Budapest Budapest Slovakia, Ukraine, Austria, Romania, Serbia, Croatia, Slovenia Europe H Hungary
89%
32,600,000 322,462 Yamoussoukro Abidjan Liberia, Guinea, Mali, Burkina Faso, Ghana Africa I, C/(C, (D)I) Ivory Coast
89%
236,800,000 923,768 Abuja Lagos Benin, Niger, Chad, Cameroon Africa N Nigeria
89%
10,700,000 462,840 Port Moresby Port Moresby Indonesia Oceania P, N, G Papua New Guinea
89%
9,000,000 41,285 Bern Zurich Liechtenstein, Germany, France, Austria, Italy Europe S Switzerland
89%
10,800,000 143,099 Dushanbe Dushanbe Kyrgyzstan, China, Afghanistan, Uzbekistan Asia T Tajikistan
89%
7,600,000 491,210 Ashgabat Ashgabat Iran, Afghanistan, Uzbekistan, Kazakhstan Asia T Turkmenistan
89%
3,400,000 176,215 Montevideo Montevideo Argentina, Brazil South America U Uruguay
89%
22,100,000 118,480 Lilongwe Lilongwe Mozambique, Tanzania, Zambia Africa M Malawi
78%
No matching quizzes found
Score Distribution
Percent of People with Each Score
Percentile by Number Answered
Your Score History
You have not taken this quiz